Sports Quiz

Random Sports or Football Quiz
Score 0/28 Timer 07:00
9 Plays Today
% Correct
Lions
91.9%
49ers
90.6%
Cowboys
88.5%
49ers
86%
Jets
86%
Vikings
85.8%
Cowboys
84.7%
Cowboys
84.1%
Falcons
83.2%
Jets
81.5%
Packers
81.3%
Bears
81%
Falcons
79.1%
Raiders
78%
% Correct
Buccaneers
73.9%
Cardinals
72.6%
Ravens
68.4%
Browns
68.1%
Packers
66.7%
Ravens
65.5%
Cardinals
65.4%
Eagles
58%
Vikings
57.7%
Patriots
57.6%
Seahawks
57.6%
Redskins
57.3%
Panthers
55.8%
Chargers
55.7%

You're not logged in!

Compare scores with friends on all Sporcle quizzes.
OR
Log In

Sporcle TV

Today on Sporcle TV


Watch our educational content, quiz creation guides, and fun videos on Sporcle TV.

Show Comments

Extras

Top Quizzes Today


Score Distribution

Your Account Isn't Verified!

In order to create a playlist on Sporcle, you need to verify the email address you used during registration. Go to your Sporcle Settings to finish the process.

Report this User

Report this user for behavior that violates our Community Guidelines.

Details: